[Event "Southern California-ch 23rd"]
[Site "Beverly Hills"]
[Date "2011.08.27"]
[Round "5"]
[White "Yanayt, Eugene"]
[Black "Taylor, Timothy"]
[Result "1-0"]
[WhiteElo "2236"]
[BlackElo "2279"]
[PlyCount "99"]
[EventDate "2011.08.13"]
[EventType "tourn"]
[EventRounds "7"]
[EventCountry "USA"]
[SourceTitle "CBM 144 Extra"]
[Source "ChessBase"]
[SourceDate "2011.10.28"]
[SourceVersion "1"]
[SourceVersionDate "2011.10.28"]
[SourceQuality "1"]

1. d4 Nf6 2. c4 e6 3. Nc3 Bb4 4. Qc2 Nc6 5. Nf3 d6 6. a3 Bxc3+ 7. Qxc3 Qe7 8. Qc2 e5 9. d5 Nd8 10. e4 0-0 11. g3 a5 12. b3 b6 13. Bg2 Nb7 14. 0-0 Nc5 15. Nd2 Ba6 16. b4 axb4 17. axb4 Ncd7 18. Nb3 h6 19. h3 Nh7 20. Be3 Ng5 21. Ra2 Bb7 22. Rfa1 Rxa2 23. Rxa2 Qf6 24. Ra7 Rb8 25. f4 exf4 26. gxf4 Nh7 27. c5 dxc5 28. bxc5 bxc5 29. Nxc5 Qb6 30. Nxd7 Qxe3+ 31. Qf2 Qc1+ 32. Qf1 Qe3+ 33. Qf2 Qc1+ 34. Kh2 Rd8 35. Nc5 Bc8 36. Rxc7 Qb1 37. e5 Nf8 38. Qh4 Re8 39. Ne4 Qb6 40. Rc6 Qe3 41. Nd6 g5 42. Qg3 Qxg3+ 43. Kxg3 gxf4+ 44. Kxf4 Ng6+ 45. Kg3 Nxe5 46. Nxe8 Nxc6 47. dxc6 Kf8 48. Nd6 Be6 49. c7 Ke7 50. c8Q 1-0

[Event "Los Angeles Metropolitan op 1st"]
[Site "Los Angeles"]
[Date "2011.08.20"]
[Round "7"]
[White "Ginsburg, Mark"]
[Black "Taylor, Timothy"]
[Result "1-0"]
[WhiteElo "2387"]
[BlackElo "2279"]
[PlyCount "107"]
[EventDate "2011.08.17"]
[EventType "swiss"]
[EventRounds "9"]
[EventCountry "USA"]
[SourceTitle "CBM 144 Extra"]
[Source "ChessBase"]
[SourceDate "2011.10.28"]
[SourceVersion "1"]
[SourceVersionDate "2011.10.28"]
[SourceQuality "1"]

1. d4 Nf6 2. Bg5 e6 3. e4 h6 4. Bxf6 Qxf6 5. Nf3 d6 6. c3 Nc6 7. Nbd2 Bd7 8. Bb5 a6 9. Ba4 e5 10. 0-0 b5 11. Bb3 Be7 12. Bd5 Rd8 13. a4 0-0 14. axb5 axb5 15. Ra6 Nb8 16. Ra7 c6 17. Bb3 exd4 18. Nxd4 c5 19. N4f3 c4 20. Bc2 Bg4 21. h3 Bh5 22. Qa1 Nc6 23. Ra6 Ne5 24. Nd4 Qf4 25. Nf5 Bg5 26. Ne3 Nd3 27. Bxd3 cxd3 28. g3 Qe5 29. f4 Qc5 30. Kf2 Be2 31. b4 Qc8 32. fxg5 Bxf1 33. Ndxf1 Qxh3 34. Qd1 Ra8 35. Rxa8 Rxa8 36. Qxd3 Ra2+ 37. Nd2 Qh2+ 38. Ng2 Qh1 39. Qd5 Ra1 40. g6 Qg1+ 41. Kf3 Ra7 42. e5 Qd1+ 43. Kf2 Qh5 44. Qxd6 Qf5+ 45. Nf4 Qc8 46. gxf7+ Rxf7 47. e6 Ra7 48. Ne4 Ra2+ 49. Kf3 g5 50. Nf6+ Kh8 51. Ng6+ Kg7 52. Qe7+ Kxg6 53. Qf7+ Kf5 54. Ng4# 1-0

[Event "Los Angeles Metropolitan op 1st"]
[Site "Los Angeles"]
[Date "2011.08.19"]
[Round "4"]
[White "Taylor, Timothy"]
[Black "Steinfl, Alessandro"]
[Result "1-0"]
[WhiteElo "2279"]
[BlackElo "2164"]
[PlyCount "95"]
[EventDate "2011.08.17"]
[EventType "swiss"]
[EventRounds "9"]
[EventCountry "USA"]
[SourceTitle "CBM 144 Extra"]
[Source "ChessBase"]
[SourceDate "2011.10.28"]
[SourceVersion "1"]
[SourceVersionDate "2011.10.28"]
[SourceQuality "1"]

1. e4 d5 2. exd5 Qxd5 3. Nf3 Bg4 4. Be2 Nc6 5. h3 Bh5 6. 0-0 0-0-0 7. Nc3 Qd7 8. d3 Nf6 9. Be3 e5 10. a3 Bd6 11. b4 Rhe8 12. Ne4 Nxe4 13. dxe4 Bg6 14. Qd5 Bf8 15. Qc4 Nd4 16. Nxd4 exd4 17. Bg4 f5 18. exf5 Bxf5 19. Qxd4 Qxd4 20. Bxf5+ Qd7 21. Bxd7+ Rxd7 22. Rfd1 Rf7 23. Rd3 Bd6 24. Re1 h5 25. Bd2 Ref8 26. f3 b5 27. Re4 Kd7 28. Re5 Rf5 29. Rxf5 Rxf5 30. g4 hxg4 31. hxg4 Re5 32. Kf2 Kc6 33. Bf4 Re6 34. Bxd6 cxd6 35. Re3 Rh6 36. Kg3 g5 37. Re7 Rh1 38. Rxa7 Rg1+ 39. Kf2 Rc1 40. Rg7 Rxc2+ 41. Kg3 d5 42. Rg6+ Kd7 43. Rxg5 Ke6 44. Rg6+ Ke5 45. Rb6 Rc3 46. Rxb5 Rxa3 47. Rb8 d4 48. b5 1-0